000 01228nam0a2200301 4500
001 RU\NLR\ONL2\3658
005 20250613125033.0
035 _a(NLR Aleph) 009651256
090 _a9573451
_c9573451
100 _a20050705d2003 |||y0rusy50 ca
101 0 _asah
102 _aRU
105 _aa |||||||||
200 1 _aКимтэн кииннээххин, хантан хааннааххын?
_eСыллыырдар сыдьааннарын торуччутэ
_fСунтаар улууhа, Дьаархан нэhилиэгэ
210 _aДьокуускай
_cЯФ изд-ва СО РАН
_d2003
215 _a57,[1] с.,[1] вкл. л.
_cил.
_d21
541 1 _aОткуда ты родом, какой крови?
_eИстория по годам одного рода
_zrus
606 0 _aГенеалогия
_yСаха (Якутия), Республика
_92099795
_3RU\NLR\auth\661270083
686 1 _aТ214
700 1 _aПотапов
_bА. Е.
_gАфанасий Ефремович
_4070
801 0 _aRU
_bNLR
_c20050705
_gPSBO
852 _aNLR
_jЯкут./3-3152
_m7793
852 _aNLR
_bОНЛ
_jЯкут./2-3152
942 _cBOOK
980 _aNB
980 _aONL_RF